[Event "Titled Tuesday intern op 12th Mar Late"]
[Site "Chess.com INT"]
[Date "2024.03.12"]
[Round "5"]
[White "Acosta Villarroel, Lorner Justus"]
[Black "Starcevic, Ante Leon"]
[Result "1-0"]
[WhiteElo "2168"]
[BlackElo "2189"]
[PlyCount "55"]
[EventDate "2024.03.12"]
[EventType "swiss (blitz)"]
[EventRounds "11"]
[EventCountry "USA"]
[SourceTitle "CB12_2024"]
[SourceDate "2023.10.01"]
[SourceVersion "1"]
[SourceVersionDate "2023.10.01"]
[SourceQuality "1"]

1. Nf3 Nf6 2. d4 g6 3. c3 Bg7 4. Bf4 d6 5. Nbd2 0-0 6. e4 Nbd7 7. h3 b6 8. Be2 Bb7 9. Qc2 Qe8 10. e5 Nd5 11. Bg3 dxe5 12. dxe5 c5 13. 0-0 Nc7 14. a4 a6 15. Qb3 Ne6 16. Bc4 Nd8 17. e6 fxe6 18. Bxe6+ Nxe6 19. Qxe6+ Kh8 20. Rfe1 Bf6 21. Ne4 Bxe4 22. Rxe4 Qc8 23. Rd1 Ra7 24. h4 Rd8 25. Qb3 Nf8 26. Rde1 Qc6 27. Ne5 Bxe5 28. Bxe5+ 1-0

[Event "Titled Tuesday intern op 12th Mar Late"]
[Site "Chess.com INT"]
[Date "2024.03.12"]
[Round "11"]
[White "Melillo, Lucius"]
[Black "Starcevic, Ante Leon"]
[Result "1-0"]
[WhiteElo "2274"]
[BlackElo "2189"]
[PlyCount "71"]
[EventDate "2024.03.12"]
[EventType "swiss (blitz)"]
[EventRounds "11"]
[EventCountry "USA"]
[SourceTitle "CB12_2024"]
[SourceDate "2023.10.01"]
[SourceVersion "1"]
[SourceVersionDate "2023.10.01"]
[SourceQuality "1"]

1. d4 Nf6 2. Bf4 g6 3. Nc3 d6 4. e4 Bg7 5. Qd2 Nc6 6. 0-0-0 0-0 7. h4 h5 8. f3 e5 9. dxe5 dxe5 10. Qxd8 Rxd8 11. Rxd8+ Nxd8 12. Bxe5 c6 13. Nh3 Bxh3 14. Rxh3 Ne6 15. Bc4 Bh6+ 16. Kb1 Nd7 17. Bxe6 Nxe5 18. Bb3 Rd8 19. Rh1 Rd2 20. Rg1 Be3 21. Re1 Rxg2 22. a4 Bf2 23. Re2 Rg1+ 24. Ka2 Bxh4 25. f4 Ng4 26. e5 Bg3 27. e6 fxe6 28. Rxe6 Kg7 29. Re7+ Kh6 30. Bg8 Bxf4 31. Ne4 g5 32. Rxb7 Kg6 33. Bh7+ Kh6 34. Bf5 Nf6 35. Nxf6 g4 36. Ne4 1-0

[Event "Titled Tuesday intern op 12th Mar Late"]
[Site "Chess.com INT"]
[Date "2024.03.12"]
[Round "10"]
[White "Starcevic, Ante Leon"]
[Black "Morales, Carlos1"]
[Result "1-0"]
[WhiteElo "2189"]
[BlackElo "2128"]
[PlyCount "63"]
[EventDate "2024.03.12"]
[EventType "swiss (blitz)"]
[EventRounds "11"]
[EventCountry "USA"]
[SourceTitle "CB12_2024"]
[SourceDate "2023.10.01"]
[SourceVersion "1"]
[SourceVersionDate "2023.10.01"]
[SourceQuality "1"]

1. c4 c5 2. Nf3 Nf6 3. d4 cxd4 4. Nxd4 g6 5. Nc3 Bg7 6. e4 d6 7. Be2 Nc6 8. Be3 0-0 9. 0-0 Bd7 10. Qd2 Nxd4 11. Bxd4 Bc6 12. f3 Nd7 13. Be3 a5 14. b3 f5 15. exf5 Rxf5 16. f4 Nc5 17. Rad1 Ne4 18. Nxe4 Bxe4 19. Bg4 Rf8 20. Be6+ Kh8 21. Bd4 Bf5 22. Bd5 Qd7 23. Rfe1 a4 24. b4 Rac8 25. Re3 e6 26. Bxg7+ Kxg7 27. Qd4+ Kg8 28. Bf3 Rcd8 29. g4 Qe7 30. gxf5 Rxf5 31. Bg4 Rf6 32. Rde1 1-0

[Event "Hum na Sutli op 15th"]
[Site "Hum na Sutli"]
[Date "2023.08.31"]
[Round "7"]
[White "Medvesek, Janez"]
[Black "Starcevic, Ante Leon"]
[Result "0-1"]
[WhiteElo "1836"]
[BlackElo "2184"]
[PlyCount "46"]
[EventDate "2023.08.26"]
[EventType "swiss"]
[EventRounds "9"]
[EventCountry "CRO"]
[SourceTitle "EXT 2024"]
[Source "ChessBase"]
[SourceDate "2023.10.10"]
[SourceVersion "1"]
[SourceVersionDate "2023.10.10"]
[SourceQuality "1"]

1. d4 Nf6 2. c4 g6 3. Nc3 d5 4. Nf3 Bg7 5. Bg5 dxc4 6. Qa4+ c6 7. Qxc4 0-0 8. e4 b5 9. Qd3 h6 10. Bh4 Be6 11. Be2 Bc4 12. Qd2 Bxe2 13. Qxe2 g5 14. Bg3 b4 15. Na4 g4 16. Nh4 Qxd4 17. Nf5 Qxe4 18. Nxe7+ Kh7 19. Qxe4+ Nxe4 20. Bxb8 Re8 21. 0-0 Rxe7 22. Bf4 c5 23. f3 Bd4+ 0-1

[Event "EU-ch 23rd"]
[Site "Vrnjacka Banja"]
[Date "2023.03.07"]
[Round "5"]
[White "Sertbay, Huseyin"]
[Black "Starcevic, Ante Leon"]
[Result "0-1"]
[WhiteElo "2016"]
[BlackElo "2202"]
[PlyCount "42"]
[EventDate "2023.03.03"]
[EventType "swiss"]
[EventRounds "11"]
[EventCountry "SRB"]
[SourceTitle "CBM 213"]
[Source "ChessBase"]
[SourceDate "2023.04.30"]
[SourceVersion "1"]
[SourceVersionDate "2023.04.30"]
[SourceQuality "1"]

1. d4 Nf6 2. c4 g6 3. Nc3 d5 4. Nf3 Bg7 5. Qb3 dxc4 6. Qxc4 0-0 7. e4 Nc6 8. Be2 Bg4 9. d5 Na5 10. Qa4 Bxf3 11. Bxf3 c6 12. 0-0 b5 13. Qd1 cxd5 14. Nxd5 Rc8 15. Qe2 Nxd5 16. exd5 Nc4 17. g3 Re8 18. Rd1 Qb6 19. Bf4 Rc5 20. Rab1 Qf6 21. b3 Ne5 0-1

[Event "Bosnjaci op 27th"]
[Site "Bosnjaci"]
[Date "2023.01.05"]
[Round "4"]
[White "Starcevic, Ante Leon"]
[Black "Zovko, Mario"]
[Result "1/2-1/2"]
[WhiteElo "2192"]
[BlackElo "2304"]
[PlyCount "32"]
[EventDate "2023.01.03"]
[EventType "swiss"]
[EventRounds "9"]
[EventCountry "CRO"]
[SourceTitle "CBM 212 Extra"]
[Source "ChessBase"]
[SourceDate "2023.03.31"]
[SourceVersion "1"]
[SourceVersionDate "2023.03.31"]
[SourceQuality "1"]

1. d4 e6 2. e4 d5 3. exd5 exd5 4. c4 Bb4+ 5. Nc3 Ne7 6. Qb3 Nbc6 7. Nf3 Bg4 8. Be3 0-0 9. Be2 dxc4 10. Qxc4 Qd5 11. Qd3 Bf5 12. Qd2 Qa5 13. 0-0 Nd5 14. Rfc1 Rfe8 15. a3 Bxc3 16. bxc3 Nxe3 1/2-1/2

[Event "EU-ch Amateur U2300"]
[Site "Zagreb"]
[Date "2022.08.20"]
[Round "8"]
[White "Karlusic, Luka"]
[Black "Starcevic, Ante Leon"]
[Result "1-0"]
[WhiteElo "2089"]
[BlackElo "2152"]
[PlyCount "59"]
[EventDate "2022.08.14"]
[EventType "swiss"]
[EventRounds "9"]
[EventCountry "CRO"]
[SourceTitle "CBM 210 Extra"]
[Source "ChessBase"]
[SourceDate "2022.11.30"]
[SourceVersion "1"]
[SourceVersionDate "2022.11.30"]
[SourceQuality "1"]

1. d4 Nf6 2. c4 g6 3. Nc3 d5 4. cxd5 Nxd5 5. e4 Nxc3 6. bxc3 Bg7 7. Bc4 c5 8. Ne2 Nc6 9. Be3 0-0 10. Rc1 cxd4 11. cxd4 Qa5+ 12. Rc3 Bg4 13. f3 e5 14. d5 Nd4 15. Bd2 Bd7 16. Nxd4 exd4 17. Rc1 Qc5 18. Bd3 Qe7 19. 0-0 Rfc8 20. Qb3 b6 21. f4 Qe8 22. e5 g5 23. Bb1 Bb5 24. Qh3 Bxf1 25. Qxh7+ Kf8 26. Bb4+ Rc5 27. Rxc5 Qe7 28. Rc8+ Rxc8 29. Bxe7+ Kxe7 30. Kxf1 1-0

[Event "Solta op 5th"]
[Site "Grohote"]
[Date "2022.07.02"]
[Round "1"]
[White "Starcevic, Ante Leon"]
[Black "Martic, Filip"]
[Result "1-0"]
[WhiteElo "2226"]
[BlackElo "1859"]
[PlyCount "107"]
[EventDate "2022.07.02"]
[EventType "swiss"]
[EventRounds "9"]
[EventCountry "CRO"]
[SourceTitle "EXT 2023"]
[Source "ChessBase"]
[SourceDate "2022.10.05"]
[SourceVersion "1"]
[SourceVersionDate "2022.10.05"]
[SourceQuality "1"]

1. Nf3 Nf6 2. d4 g6 3. g3 Bg7 4. Bg2 0-0 5. 0-0 d6 6. Re1 Nc6 7. d5 Na5 8. e4 c6 9. Nd4 Bd7 10. Nb3 Nc4 11. Qe2 b5 12. dxc6 Bxc6 13. Nd4 Qb6 14. Nxc6 Qxc6 15. e5 Nd5 16. e6 Ncb6 17. Nc3 Bxc3 18. bxc3 Qxc3 19. Bh6 f6 20. Bxf8 Rxf8 21. Qxb5 Nc7 22. Qc6 Qxc6 23. Bxc6 Na6 24. c3 Nc5 25. a4 Rc8 26. Bb5 Nd5 27. c4 Nb4 28. Rab1 Nc2 29. Rec1 Nd4 30. Bd7 Rd8 31. Kf1 Nxd7 32. exd7 Rxd7 33. c5 dxc5 34. Rxc5 Nf3 35. Kg2 Ng5 36. Rc2 Kf7 37. a5 Rd5 38. Rb7 Rxa5 39. Rcc7 Ke6 40. Rxe7+ Kf5 41. Rxa7 Rxa7 42. Rxa7 h6 43. f4 Ne4 44. Rc7 Nd2 45. Rd7 Nc4 46. Rd4 Ne3+ 47. Kf3 Nc2 48. Rd6 h5 49. h3 Ne1+ 50. Ke2 Nc2 51. Kd2 Na3 52. Kd3 g5 53. fxg5 fxg5 54. Ra6 1-0

[Event "Zagreb Hulak Memorial op 4th"]
[Site "Zagreb"]
[Date "2019.12.08"]
[Round "2"]
[White "Starcevic, Ante Leon"]
[Black "Kovacevic, Blazimir"]
[Result "0-1"]
[WhiteElo "2183"]
[BlackElo "2453"]
[PlyCount "92"]
[EventDate "2019.12.07"]
[EventType "swiss"]
[EventRounds "9"]
[EventCountry "CRO"]
[SourceTitle "CBM 193 Extra"]
[Source "ChessBase"]
[SourceDate "2020.01.31"]
[SourceVersion "1"]
[SourceVersionDate "2020.01.31"]
[SourceQuality "1"]

1. d4 f5 2. e4 fxe4 3. Nc3 Nf6 4. Bg5 Nc6 5. Bxf6 exf6 6. d5 Ne5 7. Nxe4 f5 8. Ng3 Qe7 9. Qe2 g6 10. 0-0-0 Ng4 11. Re1 Qxe2 12. Rxe2+ Kf7 13. Nf3 Bh6+ 14. Kb1 d6 15. h4 Bf4 16. Ng5+ Kf6 17. Nh3 Bxg3 18. fxg3 Bd7 19. Re1 Rae8 20. Be2 Ne3 21. Bf3 Re5 22. Nf4 Rhe8 23. Nd3 R5e7 24. b3 Ng4 25. Bxg4 fxg4 26. Rhf1+ Bf5 27. Rxe7 Rxe7 28. Kc1 Re2 29. Rf2 Rxf2 30. Nxf2 b5 31. Nd1 Ke5 32. Ne3 Kd4 33. Kd2 b4 34. h5 Be4 35. hxg6 hxg6 36. Nxg4 Bxd5 37. Nf6 Bf7 38. g4 c5 39. g5 Be6 40. Ne8 Ke5 41. c4 Bd7 42. Nf6 Bc6 43. g3 a5 44. Ke3 a4 45. g4 a3 46. Kd3 Kf4 0-1

[Event "Zagreb Damjanovic Memorial 3rd"]
[Site "Zagreb"]
[Date "2019.11.13"]
[Round "5"]
[White "Starcevic, Ante Leon"]
[Black "Lasic, Luka"]
[Result "1-0"]
[WhiteElo "2183"]
[BlackElo "2114"]
[PlyCount "132"]
[EventDate "2019.11.09"]
[EventType "swiss"]
[EventRounds "9"]
[EventCountry "CRO"]
[SourceTitle "CBM 193 Extra"]
[Source "ChessBase"]
[SourceDate "2020.01.31"]
[SourceVersion "1"]
[SourceVersionDate "2020.01.31"]
[SourceQuality "1"]

1. c4 e6 2. Nc3 d5 3. d4 Nf6 4. cxd5 exd5 5. Bg5 Be7 6. Qc2 c6 7. e3 h6 8. Bf4 Bd6 9. Bxd6 Qxd6 10. Bd3 0-0 11. Nf3 Be6 12. 0-0 Nbd7 13. Rab1 a5 14. Rfc1 Rfc8 15. Na4 b6 16. Bf5 Rab8 17. Nc3 Bxf5 18. Qxf5 g6 19. Qf4 Qxf4 20. exf4 Nf8 21. g3 Ne6 22. Rd1 Rd8 23. Ne5 Rbc8 24. Rbc1 c5 25. Na4 Nxd4 26. Kf1 Rb8 27. Rxd4 cxd4 28. Nc6 b5 29. Nc5 Ne4 30. Nxd8 Rxd8 31. Nb3 d3 32. Rd1 a4 33. Nd4 Nc5 34. b4 axb3 35. Nxb3 Ne6 36. Rxd3 d4 37. Ke2 f5 38. Rd2 Kf7 39. Kd3 Rd5 40. Rc2 Ke7 41. Rc6 Kd7 42. Rb6 h5 43. h4 Ke7 44. Rb7+ Kd6 45. Rb6+ Kd7 46. Rb7+ Kc6 47. Re7 Kd6 48. Rf7 Nc5+ 49. Nxc5 Kxc5 50. Rf6 Kb4 51. Rxg6 Ka3 52. Ra6+ Kb4 53. a3+ Kc5 54. Rf6 b4 55. axb4+ Kxb4 56. Rc6 Kb5 57. Rc4 Kb6 58. Rxd4 Rc5 59. Rd6+ Kb5 60. Re6 Rd5+ 61. Ke3 Kc4 62. Rh6 Rd3+ 63. Ke2 Rd5 64. Rxh5 Kd4 65. Rh8 Ra5 66. Rd8+ Kc5 1-0

[Event "Hum na Sutli op 13th"]
[Site "Hum na Sutli"]
[Date "2019.08.27"]
[Round "5"]
[White "Starcevic, Ante Leon"]
[Black "Zaja, Ivan"]
[Result "0-1"]
[WhiteElo "2217"]
[BlackElo "2466"]
[PlyCount "54"]
[EventDate "2019.08.24"]
[EventType "swiss"]
[EventRounds "9"]
[EventCountry "CRO"]
[SourceTitle "EXT 2020"]
[Source "ChessBase"]
[SourceDate "2019.10.17"]
[SourceVersion "1"]
[SourceVersionDate "2019.10.17"]
[SourceQuality "1"]

1. d4 Nf6 2. c4 e6 3. g3 d5 4. Nf3 a6 5. Bg2 dxc4 6. 0-0 Nc6 7. Nc3 Rb8 8. e4 Be7 9. d5 Nb4 10. Ne5 exd5 11. exd5 Bf5 12. a3 Nd3 13. Nxc4 0-0 14. Be3 Qd7 15. b4 Rfe8 16. Qb3 Bd6 17. Rad1 Ng4 18. Bd4 h5 19. Ne4 Bxe4 20. Bxe4 Ndxf2 21. Bxf2 Rxe4 22. Bc5 Rbe8 23. Nxd6 cxd6 24. Bd4 Re2 25. Bf2 Ne3 26. Bxe3 R8xe3 27. Rd3 Qh3 0-1

[Event "CRO Cup"]
[Site "Mali Losinj"]
[Date "2019.05.16"]
[Round "3.92"]
[White "Starcevic, Ante Leon"]
[Black "Gracin, Damir"]
[Result "1-0"]
[WhiteElo "2208"]
[BlackElo "2092"]
[PlyCount "97"]
[EventDate "2019.05.15"]
[EventType "team-swiss"]
[EventRounds "6"]
[EventCountry "CRO"]
[SourceTitle "CBM 190 Extra"]
[Source "ChessBase"]
[SourceDate "2019.07.15"]
[SourceVersion "1"]
[SourceVersionDate "2019.07.15"]
[SourceQuality "1"]
[WhiteTeam "Sveta Nedelja"]
[BlackTeam "Primosten"]
[WhiteTeamCountry "CRO"]
[BlackTeamCountry "CRO"]

1. c4 g6 2. Nc3 Bg7 3. Nf3 c5 4. d4 cxd4 5. Nxd4 Nc6 6. Nc2 d6 7. e4 Nf6 8. Be2 0-0 9. 0-0 Be6 10. Be3 Rc8 11. h3 a6 12. Qd2 Re8 13. Rab1 Ne5 14. b3 b5 15. cxb5 Qc7 16. Bd4 Nxe4 17. Nxe4 Qxc2 18. Qe3 Bd5 19. Nc3 Ba8 20. Rbc1 Qf5 21. f4 Bh6 22. g4 Qd7 23. Qg3 axb5 24. g5 Nc6 25. Bxb5 Bg7 26. Bxg7 Kxg7 27. Nd5 Qf5 28. Qd3 Qxd3 29. Bxd3 Nd4 30. Rxc8 Rxc8 31. Nxe7 Rc3 32. Bc4 Nf3+ 33. Kf2 Nd2 34. Rd1 Ne4+ 35. Ke2 Rxh3 36. Rd3 Rh2+ 37. Ke3 Rxa2 38. b4 Rb2 39. Bd5 Bxd5 40. Nxd5 Ng3 41. Ra3 h5 42. Nf6 Nf5+ 43. Kd3 Rxb4 44. Ra8 Ne7 45. Ne8+ Kh7 46. Nf6+ Kg7 47. Ne8+ Kh7 48. Nf6+ Kg7 49. Ne8+ 1-0